00487nam a2200157Ia 4500008004100000041001200041082001100053100001500064245005500079260000600134650000600140700001900146942000700165999001700172952014000189221030s9999 xx 000 0 und d aEnglish a105.23 aM. R. Wear 0aPhysics of the Atomcby M. R. Wear, J. A. Richards c0 aB aJ. A. Richards cBK c10579d10579 pB 105l0o105.23 r2022-10-30 00:00:00w2022-10-30yBK003Print4070aMIETLIBbMIETLIBcBL-, FL-, CUP-0, SH-0, R-0d2012-05-3010HBE